000 00420nam a22001337a 4500
008 240925b |||||||| |||| 00| 0 eng d
020 _a9781645473589
082 _a294.342 SUD
100 _aSudan, Esho. (Ed.)
245 _aIn this body, in this lifetime :
_bawakening stories of Japanese soto zen women.
260 _aColorado :
_bSambhala Publications,
_c2025.
300 _axxi, 199 p.
_bill. ;
_c24 cm.
942 _2ddc
999 _c10472
_d10473